Statistics for Countries that Beat Croatia

Click here to take the quiz!

General Stats

  • This quiz has been taken 100 times
  • The average score is 11 of 15

Answer Stats

RankCategoryCountries% Correct
4Longest border with HungarySlovakia | Romania | Austria
96%
6Greatest source of immigrants in Germany [1]Turkey | Poland | Syria | Romania | Italy
95%
8Highest % of people being Catholic [2]Vatican City | East Timor | San Marino |
Malta | Poland | Andorra | Paraguay
88%
5Smallest country starting with CComoros | Cape Verde | Cyprus | Costa Rica
85%
3
Nationality of the most recent footballer
to win the Ballon d'Or
France | Argentina
84%
8Most expensive building [3]Saudi Arabia | United Kingdom | United States |
France | Turkey | Finland | Slovakia
83%
9Longest coastline per-km2
* among countries larger than 50,000 km2
Greece | Norway | United Kingdom | Philippines |
Cuba | Iceland | Ireland | South Korea
82%
8Most tourists per-capita [4]Vatican City | Andorra | Monaco |
Iceland | Palau | Malta | Bahamas
76%
2Closest non-bordering country to ItalyMonaco
74%
3Poorest EU member per-capita [5]Bulgaria | Greece
73%
11 (t)Shortest international borderBotswana | Zambia | Italy | Vatican City | France |
Monaco | Azerbaijan | Turkey | North Korea | Russia
72%
3 (t)Most recent to join the NATONorth Macedonia | Montenegro
60%
4First EU member country to have a female
prime minister with executive power
Portugal | Lithuania | Finland
60%
2Most populous European city starting with Z [6]Switzerland
52%
5Highest GDP per-capita growth rate [7]Maldives | Libya | Monaco | Guyana
17%

Score Distribution

Percentile by Number Answered

Percent of People with Each Score

Your Score History

You have not taken this quiz